MARC

LEADER 00000nam0a2200000 4500
001 300414
005 20231102001311.0
020 |a RU  |b 82-88421 
035 |a (RuTPU)RU\TPU\book\325567 
090 |a 300414 
100 |a 20150709d1982 k y0rusy5003 ca 
101 0 |a rus 
102 |a RU 
105 |a ac z 000zb 
200 1 |a Шандор Соколаи  |e монографический очерк  |f А. Кенигсберг 
210 |a Ленинград  |c Советский композитор  |d 1982 
215 |a 128 с.  |c нот. ил., 4 л. ил. 
600 1 |a Соколаи  |b Ш.  |c венгерский композитор  |f 1931-2013  |g Шандор  |2 stltpush  |3 (RuTPU)RU\TPU\pers\41019  |9 21373 
606 1 |a Композиторы  |2 stltpush  |3 (RuTPU)RU\TPU\subj\15032  |9 41330 
610 1 |a венгерская музыка 
610 1 |a инструментальная музыка 
610 1 |a Венгрия 
610 1 |a 20 век 
610 1 |a история 
610 1 |a оперные спектакли 
610 1 |a оперы 
675 |a 78.071.1  |z rus  |v 3 
700 1 |a Кенигсберг  |b А. К.  |g Алла Константиновна  |4 070 
801 0 |a RU  |b RuMRKP  |c 19950704  |g psbo 
801 1 |a RU  |b 63413507  |c 20150709 
801 2 |a RU  |b 63413507  |c 20180613  |g RCR 
942 |c BK